000 00315nam a22001457a 4500
008 230524b ||||| |||| 00| 0 eng d
020 _a9782253129400
041 _aFRA
080 _a82
082 _a82PAN
100 _a38
101 _aGJL
245 _aLA VALSE LENTE DES TORTUES
_cPANCOL.K
942 _2udc
_cBK
999 _c59817
_d59817